| 000 | 00364nam a2200145Ia 4500 | ||
|---|---|---|---|
| 005 | 20251222140033.0 | ||
| 008 | 251222s1900||||xx |||||||||||||| ||spa|| | ||
| 020 | _a9788496611580 | ||
| 082 | _a179.9/D68 | ||
| 100 | _aDíaz, Carlos | ||
| 245 | 0 | _aDiez Virtudes para Vivir con Humanidad | |
| 250 | _a17a.ed. | ||
| 264 | _bFundación Emmanuel Mounier | ||
| 942 | _cLIB | ||
| 999 |
_c3023 _d3023 |
||